000 00591cam6a220018100 4500
001 tmp15901109
003 UPRA
005 20190816093504.0
008 951109s1990 za f eng u
035 _a(Sirsi) r38277
035 _a(UPRA)tmp15901109
040 _cUPRA
110 1 _bPost and Telecommunication Corp. Ltd.
_6A99835.1
245 1 0 _aPost baat :
_bcommissioning by his excellency the president of Zambia Dr. K.D. Kaunda /
_cPost and Telecommunication Corporation Limited.
260 _aNdola :
_bPTC,
_c1990.
949 _a(O2) 1990/05
_wlcc
_mMAIN
_tBOOK
_lON-SHELF
004 38277
999 _c82523
_d82523